MARC details
| 000 -CABECERA |
| campo de control de longitud fija |
04057ngm a2200481 i 4500 |
| 001 - NÚMERO DE CONTROL |
| campo de control |
991061308195406706 |
| 003 - IDENTIFICADOR DEL NÚMERO DE CONTROL |
| campo de control |
ES-BaIT |
| 005 - FECHA Y HORA DE LA ÚLTIMA TRANSACCIÓN |
| campo de control |
20260209130503.0 |
| 008 - DATOS DE LONGITUD FIJA--INFORMACIÓN GENERAL |
| campo de control de longitud fija |
250404s2011 xxu||| |-|||||q|| vleng|c |
| 024 1# - IDENTIFICADOR DE OTROS ESTÁNDARES |
| Número estándar o código |
089948453390 |
| 028 40 - NÚMERO DE EDITOR O DISTRIBUIDOR |
| Número de editor o de distribuidor |
4533 |
| Fuente |
VAI |
| 040 ## - FUENTE DE LA CATALOGACIÓN |
| Centro catalogador/agencia de origen |
ES-BaIT |
| Lengua de catalogación |
cat |
| Normas de descripción |
rda |
| Centro/agencia transcriptor |
ES-BaIT |
| 080 ## - NÚMERO DE LA CLASIFICACIÓN DECIMAL UNIVERSAL |
| Número de la Clasificación Decimal Universal |
793.4(086.8) |
| 245 00 - MENCIÓN DE TÍTULO |
| Título |
Great stars of Russian ballet : |
| Resto del título |
historic performances 1968-1992. |
| Número de parte o sección de la obra |
Volume 4 / |
| Mención de responsabilidad, etc. |
choreopgraphies by Petipa, Kasatkina, Vasiliev, Gzovskyi, Gorsky, Grigorovich, Chichinadze, Eifman, Timofeev, Ivanof, Gusev |
| 264 #1 - PRODUCCIÓN, PUBLICACIÓN, DISTRIBUCIÓN, FABRICACIÓN Y COPYRIGHT |
| Producción, publicación, distribución, fabricación y copyright |
New York : |
| Nombre del de productor, editor, distribuidor, fabricante |
Video Artist International, |
| Fecha de producción, publicación, distribución, fabricación o copyright |
2011 |
| 264 #4 - PRODUCCIÓN, PUBLICACIÓN, DISTRIBUCIÓN, FABRICACIÓN Y COPYRIGHT |
| Producción, publicación, distribución, fabricación y copyright |
©2010 |
| 300 ## - DESCRIPCIÓN FÍSICA |
| Extensión |
1 videodisc (DVD) (97 min): |
| Otras características físicas |
color, so; |
| Dimensiones |
19 cm |
| 336 ## - TIPO DE CONTENIDO |
| Término de tipo de contenido |
imatge en moviment bidimensional |
| Código de tipo de contenido |
tdi |
| Fuente |
rdacontent |
| 337 ## - TIPO DE MEDIO |
| Nombre/término del tipo de medio |
vídeo |
| Código del tipo de medio |
v |
| Fuente |
rdamedia |
| 338 ## - TIPO DE SOPORTE |
| Nombre/término del tipo de soporte |
videodisc |
| Código del tipo de soporte |
vd |
| Fuente |
rdacarrier |
| 344 ## - CARACTERÍSTICAS DE SONIDO |
| Tipo de grabación |
digital |
| Medio de grabación |
magnètic |
| Configuración de los canales de reproducción del sonido |
mono |
| Fuente |
rda |
| 346 ## - CARACTERÍSTICAS DE VÍDEO |
| Estándar de emisión |
NTSC |
| 347 ## - CARACTERÍSTICAS DEL ARCHIVO DIGITAL |
| Tipo de archivo |
fitxer vídeo |
| Formato de codificación |
DVD vídeo |
| Codificación regional |
totes les regions |
| Fuente |
rda |
| 500 ## - NOTA GENERAL |
| Nota general |
Format de pantalla (4:3) |
| 505 8# - NOTA DE CONTENIDO CON FORMATO |
| Nota de contenido con formato |
Conté: Spartacus: Act I Finale / music Aram Khachaturian ; choreography Yuri Grigorovich -- Gayne: Pas de deux / music music Aram Khachaturian ; choreography Aleksei Chichinadze -- The Duel / music Valery Gavrilin ; choreography Boris Eifman -- Spanish dance / music Jules Massenet ; choreography Vitaliy Timofeev -- Swan Lake: Black Swan pas de deux / music P. I. Tchaikovsky ; choreography Marius Petipa and Lev Ivanov -- The Fountain of Bakhchisarai / music Boris Asafyev ; choreography Pyotr Gusev -- Le Corsaire : Pas de deux / music Adolphe Adam ; choreography Marius Petipa -- Gran Pas Classique / music Daniel Auber ; choreography Victor Gzovsky -- Raymonda: Grand pas classique hongrois / music Alexander Glazunov ; choreography Marius Petipa -- Ivan the Terrible / music Sergei Prokofiev ; choreography Yuri Grigorovich -- La Esmeralda: Pas de deux / music Cesare Pugni ; choreography Marius Petipa - - Romeo and Juliet: Balcony Scene / music Sergei Prokofiev ; choreography Yuri Grigorovich -- Leda and the Swan / music Gustave Mahler ; choreography Natalia Kasatkina and Valdimir Vasilev -- Don Quixote: Pas de deux / music Ludwig (Léon) Minkus ; choreography Alexander Gorsky, after Petipa |
| 511 1# - NOTA DE PARTICIPANTES O INTÉRPRETES |
| Nota de participantes o intérpretes |
Ballarins: Vladimir Vasiliev ( Spartacus: Act I Finale, 1972), Margarita Drozdova i Vadim Tedeev (Gayne: Pas de deux, 1975), Valentina Morozova i Andrei Gordeex, ( The Duel, 1987 ), Nina Timofeeva i Valery Anisimov ( Spanish dance, 1981), Tatyana Tayakina i Valery Kovtun (Swan Lake: Black Swan pas de deux, 1977), Irina Kolpakova i Gennady Selutsky (The Fountain of Bakhchisarai, 1981), Nadezhda Gracheva i Alexander Vetrov (Le Corsaire: pas de deux, 1992), Tatyana Paliy i Vladimir Malakhov (Gran Pas Classique, 1991), Gabriela Komleva i Evgeny Neff (Raymonda: Grand pas d'action, 1983), Natalia Bessmertnova i Yuri Vladimirov (Ivan the Terrible, 1978), Tatyana Tayakina i Valery Kovtun (La Esmeralda: Pas de deux, 1976), Nadezhda Gracheva i Yuri Vasyuchenko (Romeo and Juliet: Balcony Scene, 1992), Ludmila Vasilieva i Vladimir Malakhov (Leda and the Swan, 1991), Lyudmila Semenyaka i Mikhail Baryshnikov (Don Quixote: Pas de deux, 1968) |
| 650 #4 - PUNTO DE ACCESO ADICIONAL DE MATERIA--TÉRMINO DE MATERIA |
| Término de materia o nombre geográfico como elemento de entrada |
Dansa clàssica |
| Subdivisión general |
Coreografies |
| -- |
Fragments |
| 9 (RLIN) |
94241 |
| 650 #4 - PUNTO DE ACCESO ADICIONAL DE MATERIA--TÉRMINO DE MATERIA |
| Término de materia o nombre geográfico como elemento de entrada |
Dansa clàssica |
| Subdivisión general |
Pas de deux |
| -- |
Coreografies |
| 9 (RLIN) |
94242 |
| 700 1# - ENTRADA AGREGADA--NOMBRE PERSONAL |
| Nombre de persona |
Petipa, Marius, |
| Fechas asociadas al nombre |
1818-1910 |
| Término indicativo de función/relación |
coreògraf |
| 9 (RLIN) |
55719 |
| 700 1# - ENTRADA AGREGADA--NOMBRE PERSONAL |
| Nombre de persona |
Kasatkina, Natalia |
| Término indicativo de función/relación |
coreògraf |
| 9 (RLIN) |
108625 |
| 700 1# - ENTRADA AGREGADA--NOMBRE PERSONAL |
| Nombre de persona |
Vasiliev, Vladimir Lubovich |
| Término indicativo de función/relación |
coreògraf |
| 9 (RLIN) |
168381 |
| 700 1# - ENTRADA AGREGADA--NOMBRE PERSONAL |
| Nombre de persona |
Gsovsky, Victor, |
| Fechas asociadas al nombre |
1902-1974 |
| Término indicativo de función/relación |
coreògraf |
| 9 (RLIN) |
168383 |
| 700 1# - ENTRADA AGREGADA--NOMBRE PERSONAL |
| Nombre de persona |
Gorski, Aleksandr Aleksiévitx, |
| Fechas asociadas al nombre |
1871-1924 |
| Término indicativo de función/relación |
coreògraf |
| 9 (RLIN) |
146128 |
| 700 1# - ENTRADA AGREGADA--NOMBRE PERSONAL |
| Nombre de persona |
Grigorovitx, Iuri Nikolàievitx, |
| Fechas asociadas al nombre |
1927-2025 |
| Término indicativo de función/relación |
coreògraf |
| 9 (RLIN) |
165927 |
| 700 1# - ENTRADA AGREGADA--NOMBRE PERSONAL |
| Nombre de persona |
Txitxinadze, Aleksei Vissarionovitx, |
| Fechas asociadas al nombre |
1921- |
| Término indicativo de función/relación |
coreògraf |
| 9 (RLIN) |
168384 |
| 700 1# - ENTRADA AGREGADA--NOMBRE PERSONAL |
| Nombre de persona |
Eifman, Boris |
| Término indicativo de función/relación |
coreògraf |
| 9 (RLIN) |
107238 |
| 700 1# - ENTRADA AGREGADA--NOMBRE PERSONAL |
| Nombre de persona |
Timofeev, Vitaliy, |
| Término indicativo de función/relación |
coreògraf |
| 700 1# - ENTRADA AGREGADA--NOMBRE PERSONAL |
| Nombre de persona |
Ivanov, Lev, |
| Fechas asociadas al nombre |
1834-1901. |
| 700 1# - ENTRADA AGREGADA--NOMBRE PERSONAL |
| Nombre de persona |
Gusev, Pyotr, 1904-1987, |
| Término indicativo de función/relación |
coreògraf |
| 908 ## - COLOCAR PARÁMETRO DE COMANDO (RLIN) |
| Colocar parámetro de comando |
CDMAE |
| 940 ## - EQUIVALENCIA O REFERENCIA-CRUZADA--TÍTULO UNIFORME [OBSOLETO] [solamente CAN/MARC] |
| Título uniforme |
<a href="CDMAE">CDMAE</a> |
| 942 ## - ELEMENTOS DE ENTRADA AGREGADA (KOHA) |
| Fuente del sistema de clasificación o colocación |
Clasificación decimal universal |
| Tipo de ítem Koha |
Vídeo |